000 00516nam a2200181Ia 4500
005 20250326124959.0
008 250326s9999 xx 000 0 und d
037 _aTextbook
040 _aFMSL
_beng
_cFMSL
041 _aeng
_2eng
084 _aX:8J M01
_qFMSL
100 _aHermanson R H
_9738292
245 0 _aAuditing theory and practice
_cHermanson R H; Loeb S E And Others
260 _aUSA
_bUSA, Richard D Irwin
_c1980
300 _a628p
942 _cTB
_hX:8J M01
999 _c1276020
_d1276020